Random Political Subdivision to Country - Statistics

General Stats
  • This quiz has been taken 267 times
  • The average score is 15 of 20
Answer Stats
Subdivision Country % Correct
Buenos Aires Argentina
100%
Chubut Argentina
100%
Entre Ríos Argentina
100%
La Pampa Argentina
100%
La Rioja Argentina
100%
Santa Cruz Argentina
100%
Tierra del Fuego Argentina
100%
Vienna Austria
100%
Tyrol Austria
100%
Salzburg Austria
100%
Vorarlberg Austria
100%
Antwerp Belgium
100%
East Flanders Belgium
100%
Flemish Brabant Belgium
100%
Liège Belgium
100%
Luxembourg Belgium
100%
Walloon Brabant Belgium
100%
Amazonas Brazil
100%
Bahia Brazil
100%
Distrito Federal Brazil
100%
Espírito Santo Brazil
100%
Mato Grosso do Sul Brazil
100%
Pará Brazil
100%
Paraíba Brazil
100%
Paraná Brazil
100%
Rio de Janeiro Brazil
100%
Rio Grande do Sul Brazil
100%
São Paulo Brazil
100%
Ontario Canada
100%
Quebec Canada
100%
New Brunswick Canada
100%
Manitoba Canada
100%
British Columbia Canada
100%
Saskatchewan Canada
100%
Alberta Canada
100%
Newfoundland and Labrador Canada
100%
Chongqing China
100%
Guangdong China
100%
Gansu China
100%
Guangxi Zhuang China
100%
Guizhou China
100%
Henan China
100%
Hubei China
100%
Hebei China
100%
Hong Kong China
100%
Heilongjiang China
100%
Hunan China
100%
Jiangsu China
100%
Jiangxi China
100%
Liaoning China
100%
Macau China
100%
Inner Mongolia China
100%
Ningxia Hui China
100%
Qinghai China
100%
Sichuan China
100%
Shandong China
100%
Shanxi China
100%
Taiwan China
100%
Xinjiang China
100%
Tibet China
100%
Zhejiang China
100%
Nouvelle-Aquitaine France
100%
Auvergne-Rhône-Alpes France
100%
Brittany France
100%
Centre-Val de Loire France
100%
Île-de-France France
100%
Hauts-de-France France
100%
Normandy France
100%
Pays de la Loire France
100%
Provence-Alpes-Côte d'Azur France
100%
Corsica France
100%
Baden-Württemberg Germany
100%
Bavaria Germany
100%
Berlin Germany
100%
Hamburg Germany
100%
Hesse Germany
100%
Lower Saxony Germany
100%
North Rhine-Westphalia Germany
100%
Rhineland-Palatinate Germany
100%
Saxony Germany
100%
Saxony-Anhalt Germany
100%
Schleswig-Holstein Germany
100%
Thuringia Germany
100%
Central Macedonia Greece
100%
Crete Greece
100%
Eastern Macedonia and Thrace Greece
100%
Ionian Islands Greece
100%
North Aegean Greece
100%
Peloponnese Greece
100%
South Aegean Greece
100%
Thessaly Greece
100%
Western Macedonia Greece
100%
Assam India
100%
Bihar India
100%
Gujarat India
100%
Himachal Pradesh India
100%
Jammu and Kashmir India
100%
Jharkhand India
100%
Madhya Pradesh India
100%
Maharashtra India
100%
Meghalaya India
100%
Rajasthan India
100%
Sikkim India
100%
Tamil Nadu India
100%
Telangana India
100%
Uttar Pradesh India
100%
Uttarakhand India
100%
West Bengal India
100%
Punjab India / Pakistan
100%
Central Java Indonesia
100%
Central Sulawesi Indonesia
100%
East Java Indonesia
100%
East Kalimantan Indonesia
100%
East Nusa Tenggara Indonesia
100%
Jakarta Indonesia
100%
North Kalimantan Indonesia
100%
North Sulawesi Indonesia
100%
North Sumatra Indonesia
100%
Southeast Sulawesi Indonesia
100%
South Sulawesi Indonesia
100%
South Sumatra Indonesia
100%
West Kalimantan Indonesia
100%
West Papua Indonesia
100%
Cork Ireland
100%
Dublin Ireland
100%
Galway Ireland
100%
Kildare Ireland
100%
Kilkenny Ireland
100%
Limerick Ireland
100%
Offaly Ireland
100%
Sligo Ireland
100%
Wexford Ireland
100%
Wicklow Ireland
100%
Basilicata Italy
100%
Calabria Italy
100%
Friuli-Venezia Giulia Italy
100%
Lazio Italy
100%
Lombardy Italy
100%
Marche Italy
100%
Tuscany Italy
100%
Akita Japan
100%
Fukui Japan
100%
Fukushima Japan
100%
Gifu Japan
100%
Hiroshima Japan
100%
Hokkaido Japan
100%
Hyōgo Japan
100%
Kagoshima Japan
100%
Kōchi Japan
100%
Kumamoto Japan
100%
Kyoto Japan
100%
Miyagi Japan
100%
Nagano Japan
100%
Nagasaki Japan
100%
Ōita Japan
100%
Okayama Japan
100%
Osaka Japan
100%
Shizuoka Japan
100%
Tochigi Japan
100%
Tokushima Japan
100%
Tokyo Japan
100%
Yamaguchi Japan
100%
Yamanashi Japan
100%
Almaty Kazakhstan
100%
Kostanay Kazakhstan
100%
Turkistan Kazakhstan
100%
Perak Malaysia
100%
Sabah Malaysia
100%
Aguascalientes Mexico
100%
Campeche Mexico
100%
Chiapas Mexico
100%
Chihuahua Mexico
100%
Colima Mexico
100%
Jalisco Mexico
100%
México Mexico
100%
Nuevo León Mexico
100%
Oaxaca Mexico
100%
Puebla Mexico
100%
San Luis Potosí Mexico
100%
Sinaloa Mexico
100%
Tabasco Mexico
100%
Tlaxcala Mexico
100%
Flevoland Netherlands
100%
Friesland Netherlands
100%
Gelderland Netherlands
100%
Groningen Netherlands
100%
North Holland Netherlands
100%
South Holland Netherlands
100%
Utrecht Netherlands
100%
Zeeland Netherlands
100%
Auckland New Zealand
100%
Bay of Plenty New Zealand
100%
Hawke's Bay New Zealand
100%
Marlborough New Zealand
100%
West Coast New Zealand
100%
Southland New Zealand
100%
Masovia Poland
100%
Silesia Poland
100%
Łódź Poland
100%
Lubelskie Poland
100%
Podlaskie Poland
100%
Lubusz Poland
100%
Opole Poland
100%
Bashkortostan Russia
100%
Kalmykia Russia
100%
Karachay-Cherkess Russia
100%
Karelia Russia
100%
Komi Russia
100%
Mari El Russia
100%
Mordovia Russia
100%
North Ossetia-Alania Russia
100%
Chechen Russia
100%
Chuvash Russia
100%
Krasnodar Russia
100%
Krasnoyarsk Russia
100%
Stavropol Russia
100%
Khabarovsk Russia
100%
Bryansk Russia
100%
Volgograd Russia
100%
Irkutsk Russia
100%
Kaliningrad Russia
100%
Kirov Russia
100%
Kursk Russia
100%
Moscow Russia
100%
Murmansk Russia
100%
Nizhny Novgorod Russia
100%
Novgorod Russia
100%
Novosibirsk Russia
100%
Omsk Russia
100%
Pskov Russia
100%
Rostov Russia
100%
Saratov Russia
100%
Sverdlovsk Russia
100%
Tambov Russia
100%
Tomsk Russia
100%
Ulyanovsk Russia
100%
Moscow Russia
100%
Saint Petersburg Russia
100%
Nenets Russia
100%
Yamalo-Nenets Russia
100%
Kamchatka Russia
100%
Zabaykalsky Russia
100%
Eastern Cape South Africa
100%
Free State South Africa
100%
Gauteng South Africa
100%
KwaZulu-Natal South Africa
100%
Western Cape South Africa
100%
Andalusia Spain
100%
Catalonia Spain
100%
Madrid Spain
100%
Valencian Spain
100%
Galicia Spain
100%
Castile and León Spain
100%
Basque Spain
100%
Canary Islands Spain
100%
of Murcia Spain
100%
Aragon Spain
100%
Extremadura Spain
100%
Asturias Spain
100%
Zürich Switzerland
100%
Luzern Switzerland
100%
Uri Switzerland
100%
Fribourg Switzerland
100%
Basel-Stadt Switzerland
100%
Basel-Landschaft Switzerland
100%
Schaffhausen Switzerland
100%
Thurgau Switzerland
100%
Geneva Switzerland
100%
Abu Dhabi United Arab Emirates
100%
Dubai United Arab Emirates
100%
Ras al-Khaimah United Arab Emirates
100%
Alabama United States
100%
Arizona United States
100%
Arkansas United States
100%
California United States
100%
Colorado United States
100%
Connecticut United States
100%
Florida United States
100%
Georgia United States
100%
Hawaii United States
100%
Idaho United States
100%
Illinois United States
100%
Indiana United States
100%
Iowa United States
100%
Kansas United States
100%
Kentucky United States
100%
Maine United States
100%
Michigan United States
100%
Missouri United States
100%
Montana United States
100%
Nebraska United States
100%
Nevada United States
100%
New Hampshire United States
100%
New Jersey United States
100%
New Mexico United States
100%
New York United States
100%
North Carolina United States
100%
North Dakota United States
100%
Ohio United States
100%
Oklahoma United States
100%
Oregon United States
100%
Pennsylvania United States
100%
Rhode Island United States
100%
South Carolina United States
100%
South Dakota United States
100%
Tennessee United States
100%
Texas United States
100%
Utah United States
100%
Vermont United States
100%
Virginia United States
100%
Washington United States
100%
Wisconsin United States
100%
Wyoming United States
100%
Maryland United States / Liberia
100%
Smolensk Russia
88%
Maranhão Brazil
86%
Minas Gerais Brazil
83%
Fujian China
83%
Longford Ireland
83%
Malacca Malaysia
83%
Querétaro Mexico
83%
Tamaulipas Mexico
83%
Kujawy-Pomerania Poland
83%
Goiás Brazil
80%
Prince Edward Island Canada
80%
Tianjin China
80%
Brandenburg Germany
80%
Andhra Pradesh India
80%
West Sulawesi Indonesia
80%
Guerrero Mexico
80%
Michoacán Mexico
80%
Lower Silesia Poland
80%
Perm Russia
80%
Schwyz Switzerland
80%
Santiago del Estero Argentina
75%
Burgenland Austria
75%
Acre Brazil
75%
Mecklenburg-Vorpommern Germany
75%
Goa India
75%
Jambi Indonesia
75%
Papua Indonesia
75%
Yogyakarta Indonesia
75%
Donegal Ireland
75%
Meath Ireland
75%
Liguria Italy
75%
Trentino-South Tyrol Italy
75%
Saga Japan
75%
Saitama Japan
75%
Wakayama Japan
75%
Sarawak Malaysia
75%
Khyber Pakhtunkhwa Pakistan
75%
Arkhangelsk Russia
75%
Voronezh Russia
75%
Sakhalin Russia
75%
Tyumen Russia
75%
Limpopo South Africa
75%
Graubünden;Grisons Switzerland
75%
Sharjah United Arab Emirates
75%
Minnesota United States
75%
Saarland Germany
71%
Niigata Japan
71%
San Luis Argentina
67%
Rondônia Brazil
67%
Nova Scotia Canada
67%
Beijing China
67%
Shaanxi China
67%
Bourgogne-Franche-Comté France
67%
Attica Greece
67%
Arunachal Pradesh India
67%
Chhattisgarh India
67%
Aceh Indonesia
67%
Bali Indonesia
67%
Bengkulu Indonesia
67%
Lampung Indonesia
67%
Maluku Indonesia
67%
Tipperary Ireland
67%
Veneto Italy
67%
Aichi Japan
67%
Aomori Japan
67%
Miyazaki Japan
67%
Akmola Kazakhstan
67%
Almaty Kazakhstan
67%
Johor Malaysia
67%
Coahuila Mexico
67%
Hidalgo Mexico
67%
Quintana Roo Mexico
67%
Veracruz Mexico
67%
Overijssel Netherlands
67%
Nelson New Zealand
67%
Balochistan Pakistan
67%
Warmia-Masuria Poland
67%
Buryatia Russia
67%
Altai Russia
67%
Ingushetia Russia
67%
Primorsky Russia
67%
Amur Russia
67%
Kemerovo Russia
67%
Chukotka Russia
67%
Mpumalanga South Africa
67%
Northern Cape South Africa
67%
Castilla-La Mancha Spain
67%
Balearic Islands Spain
67%
Appenzell Innerrhoden Switzerland
67%
Delaware United States
67%
Massachusetts United States
67%
Carinthia Austria
60%
West Flanders Belgium
60%
Ceará Brazil
60%
Mato Grosso Brazil
60%
Roraima Brazil
60%
Yunnan China
60%
Epirus Greece
60%
Karnataka India
60%
Abruzzo Italy
60%
Ishikawa Japan
60%
Guanajuato Mexico
60%
Sindh Pakistan
60%
Zug Switzerland
60%
Umm al-Quwain United Arab Emirates
60%
Jujuy Argentina
50%
Rio Grande do Norte Brazil
50%
Jilin China
50%
Shanghai China
50%
Grand Est France
50%
Occitanie France
50%
Kerala India
50%
Manipur India
50%
Bangka Belitung Islands Indonesia
50%
West Nusa Tenggara Indonesia
50%
Kerry Ireland
50%
Monaghan Ireland
50%
Roscommon Ireland
50%
Campania Italy
50%
Molise Italy
50%
Sardinia Italy
50%
Umbria Italy
50%
Chiba Japan
50%
Kagawa Japan
50%
Kanagawa Japan
50%
Mie Japan
50%
Shiga Japan
50%
Yamagata Japan
50%
Aktobe Kazakhstan
50%
Jambyl Kazakhstan
50%
Kyzylorda Kazakhstan
50%
Negeri Sembilan Malaysia
50%
Penang Malaysia
50%
Selangor Malaysia
50%
Baja California Sur Mexico
50%
Durango Mexico
50%
Nayarit Mexico
50%
Sonora Mexico
50%
North Brabant Netherlands
50%
Wellington New Zealand
50%
Tasman New Zealand
50%
West Pomerania Poland
50%
Świętokrzyskie Poland
50%
Adygea Russia
50%
Tatarstan Russia
50%
Tuva Russia
50%
Belgorod Russia
50%
Orenburg Russia
50%
Oryol Russia
50%
Tver Russia
50%
Chelyabinsk Russia
50%
Khanty–Mansi Russia
50%
Navarre Spain
50%
La Rioja Spain
50%
Obwalden Switzerland
50%
Aargau Switzerland
50%
Vaud Switzerland
50%
Jura Switzerland
50%
Fujairah United Arab Emirates
50%
West Virginia United States
50%
Riau Islands Indonesia
43%
Drenthe Netherlands
43%
Córdoba Argentina
40%
Styria Austria
40%
Alagoas Brazil
40%
Laois Ireland
40%
Waterford Ireland
40%
Baikonur Kazakhstan
40%
Kabardino-Balkar Russia
40%
Lipetsk Russia
40%
Altai Russia
38%
Chaco Argentina
33%
Corrientes Argentina
33%
Mendoza Argentina
33%
Hainaut Belgium
33%
Pernambuco Brazil
33%
Tocantins Brazil
33%
Anhui China
33%
Central Kalimantan Indonesia
33%
North Maluku Indonesia
33%
Leitrim Ireland
33%
Aosta Valley Italy
33%
Piedmont Italy
33%
Nara Japan
33%
Atyrau Kazakhstan
33%
Waikato New Zealand
33%
Pomerania Poland
33%
Podkarpackie Poland
33%
Kaluga Russia
33%
Kostroma Russia
33%
Kurgan Russia
33%
Yaroslavl Russia
33%
Cantabria Spain
33%
Solothurn Switzerland
33%
Mizoram India
25%
Gorontalo Indonesia
25%
Iwate Japan
25%
Manawatu-Wanganui New Zealand
25%
Ticino Switzerland
25%
Gunma Japan
20%
Shimane Japan
20%
Catamarca Argentina
0%
Formosa Argentina
0%
Misiones Argentina
0%
Neuquén Argentina
0%
Río Negro Argentina
0%
Salta Argentina
0%
San Juan Argentina
0%
Santa Fe Argentina
0%
Tucumán Argentina
0%
Namur Belgium
0%
Amapá Brazil
0%
Piauí Brazil
0%
Santa Catarina Brazil
0%
Sergipe Brazil
0%
Hainan China
0%
Bremen Germany
0%
Haryana India
0%
Nagaland India
0%
Odisha India
0%
Tripura India
0%
Banten Indonesia
0%
Riau Indonesia
0%
South Kalimantan Indonesia
0%
West Java Indonesia
0%
West Sumatra Indonesia
0%
Carlow Ireland
0%
Cavan Ireland
0%
Clare Ireland
0%
Louth Ireland
0%
Mayo Ireland
0%
Westmeath Ireland
0%
Apulia Italy
0%
Emilia-Romagna Italy
0%
Sicily Italy
0%
Ehime Japan
0%
Fukuoka Japan
0%
Ibaraki Japan
0%
Okinawa Japan
0%
Tottori Japan
0%
Toyama Japan
0%
Karaganda Kazakhstan
0%
Mangystau Kazakhstan
0%
Nur-Sultan Kazakhstan
0%
Pavlodar Kazakhstan
0%
Shymkent Kazakhstan
0%
Kedah Malaysia
0%
Kelantan Malaysia
0%
Pahang Malaysia
0%
Perlis Malaysia
0%
Terengganu Malaysia
0%
Baja California Mexico
0%
Mexico City Mexico
0%
Morelos Mexico
0%
Yucatán Mexico
0%
Zacatecas Mexico
0%
Northland New Zealand
0%
Gisborne New Zealand
0%
Taranaki New Zealand
0%
Canterbury New Zealand
0%
Otago New Zealand
0%
Dagestan Russia
0%
Sakha Russia
0%
Udmurt Russia
0%
Khakassia Russia
0%
Astrakhan Russia
0%
Vladimir Russia
0%
Vologda Russia
0%
Ivanovo Russia
0%
Leningrad Russia
0%
Magadan Russia
0%
Penza Russia
0%
Ryazan Russia
0%
Samara Russia
0%
Tula Russia
0%
North West South Africa
0%
Bern Switzerland
0%
Nidwalden Switzerland
0%
Glarus Switzerland
0%
Appenzell Ausserrhoden Switzerland
0%
St. Gallen Switzerland
0%
Valais Switzerland
0%
Neuchâtel Switzerland
0%
Ajman United Arab Emirates
0%
Alaska United States
0%
Louisiana United States
0%
Mississippi United States
0%
No matching quizzes found
Score Distribution
Percent of People with Each Score
Percentile by Number Answered
Your Score History
You have not taken this quiz